000
00250nam a22001217a 4500
008
181101b xxu||||| |||| 00| 0 eng d
041
_a
eng
080
_a
573
100
_a
11
101
_a
BIO
245
_a
Adaptation
_c
Wallace,B
942
_2
udc
_c
BK
999
_c
51492
_d
51492